000 00353 a2200169 4500
001 180330
020 _a85-16-00891-6
040 _cMagnum
100 _aCarrasco, Walcyr
240 1 0 _aO menino narigudo
_lpor
245 1 0 _aO menino narigudo
300 _a60
362 0 _a1993
440 1 _aModerna
697 _aLITERATURA JUVENIL
942 _cBK
999 _c180330
_d180330